000 01351cam a22003254a 4500
001 13536281
005 20230413150734.0
008 040325s2005 nyua b 001 0 eng
010 _a 2004040288
020 _a9781259097249
040 _aDLC
_cDLC
_dDLC
042 _apcc
050 0 0 _aHC79.I55
_bD674 2005
082 0 0 _a658.11
_222
_bTEC
100 1 _aDorf, Richard C.
245 1 0 _aTechnology Ventures :
_bfrom idea to enterprise /
_cRichard C. Dorf, Thomas H. Byers.
260 _aNew York, NY :
_bMcGraw-Hill Higher Education,
_cc2005.
300 _axviii, 664 p. :
_bill. ;
_c24 cm.
504 _aIncludes bibliographical references (p. 458-474) and index.
650 0 _aInformation technology.
650 0 _aEntrepreneurship.
650 0 _aNew business enterprises.
700 1 _aByers, Thomas
_q(Thomas H.)
_9111889
856 4 2 _3Publisher description
_uhttp://www.loc.gov/catdir/description/mh051/2004040288.html
856 4 1 _3Table of contents
_uhttp://www.loc.gov/catdir/toc/mh041/2004040288.html
856 4 2 _3Contributor biographical information
_uhttp://www.loc.gov/catdir/enhancements/fy0735/2004040288-b.html
906 _a7
_bcbc
_corignew
_d1
_eocip
_f20
_gy-gencatlg
942 _2ddc
_cBK
999 _c594503
_d594503